000 006160000a22001810004500
090 _aAR
_b00765
245 1 0 _aNeotropical plant distribution patterns with emphasis on northwestern south America: a preliminary overview
650 1 4 _aPatrones de distribución
_993901
650 1 4 _aBiogeografía
_992747
650 1 4 _aFitogeografía
_992958
650 1 4 _aComposición florística
_93868
651 4 _dChocó
_pColombia
_992749
041 0 _aInglés
700 1 _aGentry, Alwyn H.
_93673
100 1 _aForero, Enrique
_992822
942 _cARTICULO
773 1 _tProceedings of a Workshop on Neotropical
_3288
_q21-37
_d1988
999 _c9856
_d9856